Schaum's outline of theory and problems of electric circuits (Record no. 545969)
[ view plain ]
| 000 -LEADER | |
|---|---|
| fixed length control field | 00431nam a22001337a 4500 |
| 082 ## - DEWEY DECIMAL CLASSIFICATION NUMBER | |
| Classification number | 621.3192 |
| Author Mark | EDM |
| -- | L-9, P-66 |
| 100 ## - MAIN ENTRY--PERSONAL NAME | |
| Personal name | Joseph Edminister |
| 9 (RLIN) | 41953 |
| 245 ## - TITLE STATEMENT | |
| Title | Schaum's outline of theory and problems of electric circuits |
| 260 ## - PUBLICATION, DISTRIBUTION, ETC. | |
| Place of publication, distribution, etc. | New York, St. Louis, San Francisco, Toronto, Sydney |
| Name of publisher, distributor, etc. | McGraw-Hill, |
| Date of publication, distribution, etc. | 1997 |
| 300 ## - PHYSICAL DESCRIPTION | |
| Extent | 288 p. |
| Other physical details | ill. |
| 526 ## - STUDY PROGRAM INFORMATION NOTE | |
| Program name | 0 |
| Interest level | 0 |
| Reading level | 0 |
| Title point value | 621_319200000000000_EDM |
| 650 ## - SUBJECT ADDED ENTRY--TOPICAL TERM | |
| Topical term or geographic name entry element | MCE |
| 9 (RLIN) | 379 |
| 942 ## - ADDED ENTRY ELEMENTS (KOHA) | |
| Source of classification or shelving scheme | |
| Koha item type | Book |
| Withdrawn status | Lost status | Source of classification or shelving scheme | Damaged status | Not for loan | Permanent Location | Current Location | Date acquired | Total Checkouts | Full call number | Barcode | Date last seen | Price effective from | Koha item type |
|---|---|---|---|---|---|---|---|---|---|---|---|---|---|
| Military College of Engineering (MCE) | Military College of Engineering (MCE) | 05/30/2014 | 621.3192 EDM | MCE-5050 | 05/30/2014 | 05/30/2014 | Book |
